000 00296nam a22001337a 4500
008 181122b xxu||||| |||| 00| 0 eng d
020 _a039751056-X
041 _aeng
080 _26th
_a616.5
100 _a7
101 _aDER
245 _aManual of Skin Disease
_cSauer,G.C
942 _2udc
_cBK
999 _c52339
_d52339